000 00973nam a2200289Ia 4500
003 OSt
005 20221007123906.0
006 a|||||r|||| 00| 0
007 ta
008 221006b |||||||| |||| 00| 0 eng d
020 _a9780195695861 (pbk)
_c650
024 _a80867
037 _b193, 19/03/2008, Dhanraj Book House
_cTextbook
040 _aCDL
_cCDL
_beng
041 _2eng
_aeng
082 _aE0aG:55, N8;2-;3 Carc
100 _aAnastas Paul T
_9718094
245 0 _aGreen chemistry:theory and practice
_b Warrner John C
260 _aOxford
_bOxford University Press
_c1998
300 _axi,135p.
_ccm.
500 _aBibliographical references 125-129p; Index 131-135p
650 _a Green chemistry
_9713184
650 _aChemistry
700 _a Warrner John C
_9718095
942 _hE0aG:55, N8;2-;3 Carc
_cTB
_2CC
999 _c1212620
_d1212620